000 00800nam a2200265Ia 4500
003 OSt
005 20220923214522.0
006 a|||||r|||| 00| 0
007 ta
008 220922b |||||||| |||| 00| 0 hin d
020 _c6
024 _a170,362
037 _cTextual
040 _aARTS
_cARTS
_bhin
041 _2hin
_ahin
082 _aO152,3N05,AN, K8;L9
100 _aजैनेन्द्र कुमार
245 0 _aअनन्तर
246 _aAnantara
260 _aदिल्ली
_b पूर्वोदय प्रका0
_c1979
300 _a161i0
_ccm.
650 _aहिन्दी साहित्य
_9156264
942 _hO152,3N05,AN, K8;L9
_cTEXL
_2CC
999 _c324659
_d324659